The Logic of Anarchy : (Record no. 11957)
[ view plain ]
| 000 -LEADER | |
|---|---|
| fixed length control field | 01327cam a2200313 a 4500 |
| 001 - CONTROL NUMBER | |
| control field | 3450802 |
| 005 - DATE AND TIME OF LATEST TRANSACTION | |
| control field | 19980929131523.2 |
| 008 - FIXED-LENGTH DATA ELEMENTS--GENERAL INFORMATION | |
| fixed length control field | 920806s1993 nyu b 001 0 eng |
| 010 ## - LIBRARY OF CONGRESS CONTROL NUMBER | |
| LC control number | 92031656 |
| 020 ## - INTERNATIONAL STANDARD BOOK NUMBER | |
| International Standard Book Number | 0231080409 (CL : acidfree paper) |
| 020 ## - INTERNATIONAL STANDARD BOOK NUMBER | |
| International Standard Book Number | 0231080417 (paper) |
| 020 ## - INTERNATIONAL STANDARD BOOK NUMBER | |
| International Standard Book Number | 9780231080415 |
| 040 ## - CATALOGING SOURCE | |
| Original cataloging agency | DLC |
| Transcribing agency | DLC |
| Modifying agency | DLC |
| 050 00 - LIBRARY OF CONGRESS CALL NUMBER | |
| Classification number | JX1291 |
| Item number | .B89 1993 |
| 082 00 - DEWEY DECIMAL CLASSIFICATION NUMBER | |
| Classification number | 327.072 |
| Edition number | 20 |
| Item number | BUZ |
| 100 1# - MAIN ENTRY--PERSONAL NAME | |
| Personal name | Buzan, Barry. |
| 9 (RLIN) | 6670 |
| 245 14 - TITLE STATEMENT | |
| Title | The Logic of Anarchy : |
| Remainder of title | Neorealism to Structural Realism / |
| Statement of responsibility, etc | Barry Buzan, Charles Jones, and Richard Little. |
| 260 ## - PUBLICATION, DISTRIBUTION, ETC. (IMPRINT) | |
| Place of publication, distribution, etc | New York : |
| Name of publisher, distributor, etc | Columbia University Press, |
| Date of publication, distribution, etc | c1993. |
| 300 ## - PHYSICAL DESCRIPTION | |
| Extent | 267 p. ; |
| Dimensions | 24 cm. |
| 440 #0 - | |
| -- | New directions in world politics |
| -- | 6671 |
| 504 ## - BIBLIOGRAPHY, ETC. NOTE | |
| Bibliography, etc | Includes bibliographical references (p. 247-257) and index. |
| 650 #0 - SUBJECT ADDED ENTRY--TOPICAL TERM | |
| Topical term or geographic name as entry element | International relations |
| General subdivision | Research. |
| 9 (RLIN) | 6672 |
| 650 #0 - SUBJECT ADDED ENTRY--TOPICAL TERM | |
| Topical term or geographic name as entry element | Realism. |
| 9 (RLIN) | 6673 |
| 700 1# - ADDED ENTRY--PERSONAL NAME | |
| Personal name | Jones, Charles A., |
| Dates associated with a name | 1949- |
| 9 (RLIN) | 6674 |
| 700 1# - ADDED ENTRY--PERSONAL NAME | |
| Personal name | Little, Richard, |
| Dates associated with a name | 1944- |
| 9 (RLIN) | 6675 |
| 942 ## - ADDED ENTRY ELEMENTS (KOHA) | |
| Source of classification or shelving scheme | Dewey Decimal Classification |
| Item type | Book - Borrowing |
| Withdrawn status | Item status | Source of classification or shelving scheme | Damaged status | Not for loan | Vendor | Home library | Current library | Shelving location | Date acquired | Source of acquisition | Cost, normal purchase price | Serial Enumeration / chronology | Total Checkouts | Total Renewals | Full call number | Barcode | Date last seen | Date last borrowed | Koha item type |
|---|---|---|---|---|---|---|---|---|---|---|---|---|---|---|---|---|---|---|---|
| Dewey Decimal Classification | Baccah | Central Library | Central Library | First floor | 23/06/2009 | 160.00 | 8140 | 8 | 33 | 327.072 BUZ | 000016932 | 15/07/2025 | 27/02/2019 | Book - Borrowing |